Tom Hanks Needs a Job Quiz Stats

 Plays Quiz Updated Jun 26, 2018

Support Sporcle.
Go Orange.
Score 0/33 Timer 06:00
5 Plays Today
% Correct
Astronaut
93.1%
Train Conductor
89.7%
US Army Captain
89.5%
Being a Child's Toy
89.1%
Prison Guard
87.1%
Baseball Manager
86.7%
Shrimping Entrepreneur
81.6%
FedEx Systems Analyst
79.8%
Symbologist
74%
FBI Agent
71.2%
Police Detective
69.4%
Toy Tester
69.1%
Police Detective
67.5%
Airport worker
65.4%
Book Store Owner
64.6%
US Congressman
63.3%
Attorney
63.1%
% Correct
Stand Up Comedian
59.9%
Music Industry Executive
56.8%
Mob Hitman
55.3%
Architect
41%
Peace Corpsman
40.4%
Casino robber
33.6%
College Student
30.7%
Attorney
24.1%
Produce Business Owner
22.8%
Wall Street trader
21.9%
Factory office worker
19.5%
School Bus driver
18.9%
Advertising Executive
18.5%
Musician
16.9%
Royal Air Force pilot
13.6%
Jeweler
11.8%

You're not logged in!

Compare scores with friends on all Sporcle quizzes.
OR
Log In

From the Vault

Famous Rivals

by grandcanal18

There's no rival when it comes to this quiz.
Remove Ads.
Support Sporcle.
Get the best of Sporcle when you Go Orange. This ad-free experience offers more features, more stats, and more fun while also helping to support Sporcle. Thank you for becoming a member.

Show Comments

Extras

Top Quizzes Today


Score Distribution

Your Account Isn't Verified!

In order to create a playlist on Sporcle, you need to verify the email address you used during registration. Go to your Sporcle Settings to finish the process.

Report this User

Report this user for behavior that violates our Community Guidelines.

Details: